000 00916nas a2200265 4500
001 BR8401551
003 BR-BrBNA
005 20231205085840.0
007 ta
008 230509b bl.|||p| |||| 00| 00por d
040 _aBR-BrBNA
_bpor
_cBiblioteca Nacional de Agricultura
041 _a(Pt)
072 _aF60; H50
100 1 _aBender, R.J.
100 1 _aBarros, I.B.I.
245 1 _aEfeito do molibdenio na producao e nos teores foliares de nutrientes do morangueiro [Fragaria xananassa]
_bParte de tese
246 1 _aThe effect of molybdenum on strawberry yield and nutrient content [Fragaria xananassa]
_b[Part of thesis]
650 _aMORANGO
650 _aMOLIBDENIO
650 _aNUTRIENTE
650 _aTOXIDEZ
773 0 _tPesquisa Agropecuaria Brasileira (Brazil)
_xISSN 0100-204X
_g(Jan 1984), v. 19(1) p. 73-78
_wBR8401551
909 _a202311
_bLúcia
_c55
_dLúcia Elande
942 _2AGRIS
_n0
_cANA
999 _c114264
_d114264